World Flags- Easy - Statistics

General Stats
  • This quiz has been taken 78 times
  • The average score is 19 of 20
Answer Stats
Picture Answer % Correct
United Kingdom
100%
Australia
98%
Brazil
98%
Canada
98%
China
98%
France
98%
Germany
98%
Japan
98%
United States
98%
Italy
96%
Mexico
96%
Spain
96%
Russia
94%
Greece
92%
India
92%
South Korea
92%
Ireland
91%
Israel
91%
New Zealand
89%
Saudi Arabia
85%
No matching quizzes found
Score Distribution
Percent of People with Each Score
Percentile by Number Answered
Your Score History
You have not taken this quiz